Представление документа в формате MARC21

Поле Инд. ПП Название Значение
Тип записи a
Библиографический уровень b
001 Контрольный номер AdmiBIBL00015544
005 Дата корректировки 20131113014824.3
008 Кодируемые данные 071030
040 a Служба первич. каталог. НБ ТвГУ
041 a Код языка текста rus
100 1_ a Автор Ренов Д. М.
245 10 a Заглавие Мотив судьбы в романе М. Ю. Лермонтова "Герой нашего времени"
650 a Основная рубрика Русская литература
x Основная подрубрика История, 19 в.
650 a Основная рубрика Лермонтов, Михаил Юрьевич, о нем
653 a Ключевые слова Герой нашего времени, роман М. Ю. Лермонтова
a Ключевые слова История русской литературы
a Ключевые слова Лермонтов, Михаил Юрьевич, о нем
a Ключевые слова Литературное творчество
a Ключевые слова Литературные герои
a Ключевые слова Литературные мотивы
a Ключевые слова Литературные персонажи
a Ключевые слова Литературоведение
a Ключевые слова Мотив судьбы
a Ключевые слова Писатели
a Ключевые слова Романтизм
a Ключевые слова Романтизм в литературе
a Ключевые слова Русские писатели
a Ключевые слова Тема судьбы
a Ключевые слова Труды Тверского государственного университета
a Ключевые слова Художественная литература
653 a Ключевые слова Тема судьбы
773 w Контрольный № источника RU/IS/BASE/386249042
t Название источника Романтизм: грани и судьбы. К 10-летию создания НИЛ КИПР ТвГУ (1994-2004) /Твер. гос. унт ; науч. ред. И. В. Карташова
d Место и дата издания Тверь : ТвГУ, 2005
g Прочая информация Вып. 5.- С. 65-73
k Обл. серии из связ. един. Учен. зап. /НИУЛ КИПР ТвГУ)
852 h Классифик. часть индекса Ш400.2
i Расстановочный признак Р69
999 a Подразделение 2 ч.з.